000 00422nam a22001577a 4500
005 20231123072230.0
008 231123b |||||||| |||| 00| 0 eng d
041 _aDeutsch
082 _a342 GRU
100 _lDeutsch
245 _aGrundgesetz fur doe Bundesrepublik Deutschland
260 _c1991
300 _b96 pages ;
_c17,5 cm.
650 _aLegal practice
_bLaw
942 _cBK
_6ALISON_BN_VRIES
999 _c870
_d870